000 00459nam a22001217a 4500
082 _a200 THE
100 _aMadiha Naveed,
_970488
245 _aTH-SOF-1193-Automated System for Analysis of Microscopic Liver Images for Detection of Hepatic Failure
260 _aIslamabad
_bNUST College of EME
_c2015
650 _aMS-COMPUTER ENGINEERING-73 MSTHESIS
700 _aSupervison Dr. Muazzam A. Khan, Co Supervisor Dr. Muhammad Usman Akram
_970489
942 _cCF
999 _c577468
_d577468